ロード中...

Child psychology:a contemporary view point /

書誌詳細
第一著者: Hetherington, E M
その他の著者: Parke,R D
フォーマット: Printed Book
言語:English
出版事項: London : Mc-graw Hill International Book Company, 1979
版:2nd ed.
LEADER 00582nam a2200157Ia 4500
008 160726s9999 xx 000 0 eng d
020 |a 0070284318 
082 |a 155.4 
100 |a Hetherington, E M 
245 |a Child psychology:a contemporary view point /  |c by E M Hetherington and R D Parke 
250 |a 2nd ed. 
260 |a London :  |b Mc-graw Hill International Book Company,  |c 1979 
700 |a Parke,R D 
942 |c BK 
999 |c 253628  |d 253628 
952 |0 0  |1 0  |4 0  |6 155_400000000000000_HER_C  |7 0  |9 282326  |a PSY  |b PSY  |c ST1  |d 2016-07-26  |i 1983  |l 0  |o 155.4 HER/C  |p PSY1983  |r 2016-07-26  |w 2016-07-26  |y BK